| 000 | 00746nam a2200253Ia 4500 | ||
|---|---|---|---|
| 003 | OSt | ||
| 005 | 20220927112435.0 | ||
| 006 | a|||||r|||| 00| 0 | ||
| 007 | ta | ||
| 008 | 220926b |||||||| |||| 00| 0 eng d | ||
| 024 | _a152363 | ||
| 037 | _cReports | ||
| 040 |
_aRTL _cRTL _beng |
||
| 041 |
_2eng _aeng |
||
| 082 | _a"X75.20k3.N3, G1.1/GD" | ||
| 110 |
_a"Great Britain and India, Congress Select (Committee on-)" _9383657 |
||
| 245 | 0 | _aReport on the financial obligations | |
| 260 | _c1931 | ||
| 300 |
_a70p. _ccm. |
||
| 500 | _aAppendix | ||
| 700 |
_a"Great Britain and India, Congress Select (Committee on-)" _9383658 |
||
| 942 |
_h"X75.20k3.N3, G1.1/GD" _cCC |
||
| 999 |
_c700218 _d700218 |
||